Inflation and financial depth
Salvato in:
| Autore principale: | |
|---|---|
| Altri autori: | , |
| Natura: | Libro |
| Lingua: | inglese |
| Pubblicazione: |
Washington
International Monetary Fund
2001
|
| Serie: | IMF Working Paper
WP/01/44 |
| Soggetti: | |
| Tags: |
Nessun Tag, puoi essere il primo ad aggiungerne!!
|
MARC
| LEADER | 00000nam a2200000 4500 | ||
|---|---|---|---|
| 001 | c129178 | ||
| 005 | 20221124105215.0 | ||
| 041 | 0 | |a eng | |
| 044 | |a US | ||
| 245 | 1 | 0 | |a Inflation and financial depth |c Mohsin S. Khan, Abdelhak S. Senhadji, Bruce D. Smith |
| 264 | 1 | |a Washington |b International Monetary Fund |c 2001 | |
| 300 | |a 30 s. | ||
| 490 | 1 | |a IMF Working Paper |v WP/01/44 | |
| 830 | 0 | |a IMF Working Paper |v WP/01/44 | |
| 610 | 2 | 0 | |a inflácia |
| 610 | 2 | 0 | |a financie |
| 610 | 2 | 0 | |a modely ekonomické |
| 610 | 2 | 0 | |a modelovanie |
| 100 | 1 | |a Khan, Mohsin S. | |
| 700 | 1 | |a Senhadji, Abdelhak S. | |
| 700 | 1 | |a Smith, Bruce D. | |